000
00217 a2200097 4500
001
45531
100
_a
Filipiak, S
245
_a
Mathematical puzzles
260
_a
New York
_b
Bell publishing
_c
090
_c
28696
_d
28696
942
_a
NUST-CAE
_c
M
_c
20775
999
_c
280604
_d
280604